00716nam a2200253Ia 4500008004100000020001800041100001600059245002000075245005400095260001500149260002000164260000900184300001600193300002100209300001000230500007400240650003400314650002200348650001600370650002400386650002200410650002200432700000800454160803s9999 xx 000 0 und d a9781481411035 aBlume, Judy aFreckle Juice / cJudy Blume ; illustrations by Debbie Ridpath Ohi. aNew York : bScholastic Inc. c1971 a56 pages :  billustrations ;  c20 cm aOriginally published in a different form by Four Winds Press in 1971. aChildren's stories, American. aHumorous stories. aSchools --  aSelf-perception --  xJuvenile fiction. xJuvenile fiction. a370